Vplyv marketingu na cezhraničnú spoluprácu

Nové výzvy pre regionálne úrady v susediacich štátoch. Cezhraničná spolupráca regiónov. Smerovanie a realizácia štátnej regionálnej politiky. Štrukturálna a regionálna politika EÚ v podmienkach SR.

Guardado en:
Detalles Bibliográficos
Autor principal: Čimo, Jozef
Formato: Capítulo de libro
Lenguaje:eslovaco
Materias:
Etiquetas: Agregar Etiqueta
Sin Etiquetas, Sea el primero en etiquetar este registro!

MARC

LEADER 00000naa$a2200000$$$4500
001 0045719
005 20240502071528.9
041 0 |a slo 
044 |a SK 
245 1 0 |a Vplyv marketingu na cezhraničnú spoluprácu  |c Jozef Čimo 
520 |a Nové výzvy pre regionálne úrady v susediacich štátoch. Cezhraničná spolupráca regiónov. Smerovanie a realizácia štátnej regionálnej politiky. Štrukturálna a regionálna politika EÚ v podmienkach SR. 
610 2 0 |a politika regionálna 
610 2 0 |a spolupráca cezhraničná 
610 2 0 |a regióny 
610 2 0 |a Európska únia 
610 2 0 |a rozvoj regionálny 
610 2 0 |a Slovensko 
610 2 0 |a stratégia marketingová 
100 1 |a Čimo, Jozef